The earth sciences (Registro nro. 121691)

Detalles MARC
000 -LEADER
campo de control de longitud fija 00736nam a2200217 i 4500
001 - NÚMERO DE CONTROL
campo de control 121691
003 - IDENTIFICADOR DE NÚMERO DE CONTROL
campo de control ES-MaACL
005 - FECHA Y HORA DE LA ÚLTIMA TRANSACCIÓN
campo de control 20230906191813.0
007 - CAMPO FIJO DE DESCRIPCIÓN FÍSICA--INFORMACIÓN GENERAL
campo de control de longitud fija t|
008 - DATOS DE LONGITUD FIJA--INFORMACIÓN GENERAL
campo de control de longitud fija 070214s1983 xxu r ||||1| eng d
020 ## - NÚMERO INTERNACIONAL ESTÁNDAR DEL LIBRO
Número Internacional Estándar del Libro 0-8240-9267-8
100 1# - ENTRADA PRINCIPAL--NOMBRE DE PERSONA
Nombre de persona Porter, Roy.
9 (RLIN) 93233
245 14 - MENCIÓN DEL TÍTULO
Título The earth sciences
Resto del título : an annotated bibliography /
Mención de responsabilidad, etc. Roy Porter.
260 ## - PUBLICACIÓN, DISTRIBUCIÓN, ETC.
Lugar de publicación, distribución, etc. New York :
Nombre del editor, distribuidor, etc. Garland,
Fecha de publicación, distribución, etc. 1983.
300 ## - DESCRIPCIÓN FÍSICA
Extensión XIX, 192 p., 7 lám. ;
Dimensiones 23 cm.
490 1# - MENCIÓN DE SERIE
Mención de serie Bibliographies of the History of Science and technology ;
Designación de volumen o secuencia 3
650 #4 - PUNTO DE ACCESO ADICIONAL DE MATERIA--TÉRMINO DE MATERIA
Término de materia o nombre geográfico como elemento de entrada Ciencias de la tierra-
Subdivisión general Bibliografías.
9 (RLIN) 168270
830 0# - PUNTO DE ACCESO ADICIONAL DE SERIE-TÍTULO UNIFORME
Título uniforme Bibliographies of the History of Science and technology ;
Designación de volumen o secuencia 3
9 (RLIN) 218773
852 ## - LOCALIZACIÓN
Ubicación ES-MaACL
Número de control de estantería L-8542
Sublocalización o colección R.109231
Existencias
Estatus retirado Estado de pérdida Estado de daño No para préstamo Biblioteca de origen Biblioteca actual Ubicación en estantería Fecha de adquisición Fuente de adquisición Total de préstamos Signatura topográfica completa Código de barras Visto por última vez Precio de reemplazo Tipo de ítem Koha
        Biblioteca del Ateneo de Madrid Biblioteca del Ateneo de Madrid Depósito 2 17/01/2008     L-8542 1126816 23/02/2023 23/02/2023 Libro impreso